Sports Quiz

Random Sports or Soccer Quiz

2011 Copa Libertadores Group Stage Quiz Stats

 Plays Quiz not verified by Sporcle

Challenge
Share
Tweet
Embed
Score 0/32 Timer 07:00
0 Plays Today
Group Team % Correct
Group 5Santos
90.4%
Group 3Nacional
84.6%
Group 3America
82.7%
Group 5Colo-Colo
82.7%
Group 8Penarol
82.7%
Group 7Estudiantes
76.9%
Group 2Gremio
73.1%
Group 7Cruzeiro
73.1%
Group 3Fluminense
71.2%
Group 6Internacional
71.2%
Group 4Universidad Catolica
69.2%
Group 4Caracas
69.2%
Group 8Independiente
67.3%
Group 5Cerro Porteno
63.5%
Group 4Velez Sarsfield
61.5%
Group 6Emelec
57.7%
Group Team % Correct
Group 1Once Caldas
53.8%
Group 3Argentinos Juniors
53.8%
Group 1Libertad
51.9%
Group 8LDU Quito
50%
Group 5Deportivo Tachira
48.1%
Group 7Deportes Tolima
44.2%
Group 4Union Espanola
34.6%
Group 6Jaguares
34.6%
Group 8Godoy Cruz
34.6%
Group 2Junior
30.8%
Group 2Oriente Petrolero
30.8%
Group 7Guarani
28.8%
Group 6Jorge Wilstermann
21.2%
Group 1San Luis
17.3%
Group 1Universidad San Martin
13.5%
Group 2Leon de Huanuco
11.5%

You're not logged in!

Compare scores with friends on all Sporcle quizzes.
Join for Free
OR
Log In

You Might Also Like...

Show Comments

Extras

Top Quizzes Today


Score Distribution

Your Account Isn't Verified!

In order to create a playlist on Sporcle, you need to verify the email address you used during registration. Go to your Sporcle Settings to finish the process.

Report this User

Report this user for behavior that violates our Community Guidelines.

Details: